00776nam a2200181 a 450000100100000000500170001000800410002704000250006808200160009310000390010924501370014826001200028530000200040550400290042504900090045495201140046399900170057700002892120200930055223.0110412s2008 dr 000 0 spa d aDO-SdBNPbspacBNPHU axxxxbG216c1 aGarcía Lagombra, Gregorio95587910aCálculo de la energía neta para lactación y su predicción desde el punto de vista de la fibra /cGregorio García Lagombra. aSanto Domingo :bInstituto Dominicano de Investigaciones Agropecuaria (IDIAF), Centro de Produción Animal,c2008. a28 p. ;c24 cm. aBibliografía : p.26-27 aBNPD 0010718PDaPDbPDcCTd2011-04-12iLF1l0oxxxx G216cp28921-10r2020-06-25w2020-06-25yLFPDZNo se presta c28413d28413